MDQL
is popping MORE tags! Check the
thread
!
Quizzes
Events
Quiz Creation
Community
Videos
Private Events
Remove Ads
Sign In
Join for FREE
Feedback
Dark Mode
Quiz Categories
Sports
Geography
Music
Movies
Television
Just For Fun
Miscellaneous
History
Literature
Language
Science
Gaming
Entertainment
Religion
Holiday
For Kids
Quiz Lab
Recent
Popular Today
Quiz Kudos Today
Editor Picks
Curator Picks
Quizzes by...
Day
Popularity
Type
Ratings
Length
Year
Community
Subscriptions
Recent Discussions
Orange Saloon
Badges
Playlists
Quests
Create
Leaderboards
Showdown
Live 5
Trivia Bingo
Activity
Puzzle Library
Sporcle Events
Private Events
Virtual Trivia
Globe League
Become a Host
Pub Owners
SporcleCon
Opinionation
Our Games
Videos
Blog
Mobile Apps
Partnerships
Remove Ads and Go Orange
Feedback
Sports
Athletes
MLB
NBA
NHL
NFL
Soccer
Sports Teams
WWE
NCAA
Football
Premier League
Basketball
Baseball
Hockey
Golf
Tennis
Cricket
Rugby
Auto Racing
Olympics
World Cup
Sports
Athletes
MLB
NBA
NHL
NFL
Soccer
Sports Teams
WWE
NCAA
Football
Premier League
Basketball
Baseball
Hockey
Golf
Tennis
Cricket
Rugby
Auto Racing
Olympics
World Cup
Random Quiz
Search Sporcle
×
Quiz Lab
Quiz Lab
Sports
Premier League
Type in answers that appear in a list
Type in answers that appear in a list
Classic
Best Score? Go Orange.
Every Bolton Wanderers Premier League Goalscorer Stats
Can you name the Every Bolton Wanderers Premier League Goalscorer?
By
SallyJarvis1990
10m
86 Questions
946 Plays
946 Plays
946 Plays
Comments
Comments
Give Quiz Kudos
Give Quiz Kudos
-
- Ratings
hide this ad
Replay
Link that replays current quiz
Next Quiz
Link to next quiz in quiz playlist
You Got
0%
They Got
Avg Score
54%
Avg Friend Score
Upgrade to see
Score Distribution
Jump to the score distribution portion of the page
Score
0/86
Timer
10:00
0
Plays Today
Goals
Name
% Correct
68
Kevin Davies
99%
5
Mark Davies
97.5%
39
Kevin Nolan
92.6%
21
El-Hadji Diouf
91.4%
14
Jay-Jay Okocha
91.1%
21
Nicolas Anelka
90.5%
20
Stelios Giannakopoulos
87.5%
13
Ivan Campo
87.2%
7
Chung-Yong Lee
86.7%
18
Johan Elmander
85.8%
10
Ricardo Gardner
85.2%
1
David Lee
83.3%
14
Gary Speed
82.8%
22
Henrik Pedersen
81.7%
19
Youri Djorkaeff
81.7%
20
Ivan Klasnic
81.2%
23
Matt Taylor
76.1%
3
Bob Taylor
76%
7
Martin Petrov
75.2%
2
Stuart Holden
73%
1
Tal Ben Haim
72.2%
13
Gary Cahill
71.8%
18
Michael Ricketts
71.7%
1
Sam Ricketts
71.5%
1
Fernando Hierro
71.4%
8
Rahdi Jaidi
71%
8
Per Frandsen
70.3%
8
Gudni Bergsson
68.5%
3
Ricardo Vaz Te
67.3%
Goals
Name
% Correct
2
Jared Borgetti
64.3%
2
Mark Fish
63.8%
13
Nathan Blake
63.1%
1
Robbie Blake
63.1%
1
Nicky Hunt
63.1%
4
Bruno N'Gotty
62.9%
4
Gretar Steinsson
62.9%
1
Hidetoshi Nakata
62.7%
6
John McGinlay
61.3%
3
Abdoulaye Faye
60%
6
Tamir Cohen
59.7%
4
Fredi Bobic
59.2%
8
Daniel Sturridge
58.9%
2
Andranik Teymourian
54.9%
2
Zat Knight
52.1%
1
Andy O'Brien
52%
5
Dean Holdsworth
51.7%
3
Fabrice Muamba
49.9%
2
David Wheater
49.9%
10
Alan Thompson
49.4%
1
Jack Wilshere
47.9%
4
Chris Eagles
46.4%
3
David N'Gog
44.2%
1
Marcos Alonso
43.7%
4
Sasa Curcic
42.6%
1
Bo Hansen
41.4%
1
Khalilou Fadiga
40.9%
5
Fabian De Freitas
40.7%
1
Les Ferdinand
39.3%
Goals
Name
% Correct
1
Daniel Braaten
38.5%
1
Michael Johansen
38.1%
2
Heidar Helguson
36.7%
1
Jimmy Phillips
36.6%
1
Gavin McCann
35.5%
1
Gareth Farrelly
35.1%
1
Mixu Paatelainen
34.8%
5
Scott Sellars
34.5%
4
Alan Stubbs
34%
1
Richard Sneekes
34%
3
Nigel Reo-Coker
33.2%
1
Gerry Taggart
33%
3
Rod Wallace
32.8%
1
Lubo Michalik
30.8%
2
Andy Todd
27.2%
2
Peter Beardsley
27.1%
3
Scott Green
26.3%
1
Delroy Facey
24.3%
1
Neil Cox
23.7%
1
Rodrigo Moreno
23.4%
1
Darren Pratley
23.3%
1
Dedryk Boyata
22.9%
1
Sebastien Puygrenier
22.6%
1
Jamie Pollock
20.1%
1
Nicky Southall
16.3%
1
Chris Basham
15.5%
1
Mark Patterson
14.9%
1
Simon Coleman
14.3%
Quiz Playlist
Details
Report
Send in Message
Add To Playlist
Classic:
Type in answers that appear in a list
Last Updated: Feb 16, 2017
Quiz Scoreboard
CHALLENGE
Sign Up to Join the Scoreboard
Show All
Scores
Hide
Comments
May contain spoilers
Recently Published
Street Fighter Characters
by Artimus82
Gaming
60s
9x9 Crossword: Cartoon Network
by jackfrog10
Miscellaneous
3m
College Basketball Coaching Resumes
by pancakes188
Sports
9m
More to Explore
Quiz From the Vault
Featured Blog Post
Where Did the Easter Bunny Come From?
hide this ad
You Might Also Like...
Tags
Premier League Quiz
Bolton Wanderers
British Football
Today's Top Quizzes in Sports
Browse Sports
hide this ad
Today's Top Quizzes in Premier League
Browse Premier League
Top Contributed Quizzes in Sports
1
2022 World Cup Stars
2
Les meilleurs buteurs des matchs entre le PSG et l’OM
3
FIFA Club World Cup Champions
4
Les entraîneurs de l'OM et du PSG au 21e siècle
5
Criteria MLB: Left Handed Sluggers
6
2023 MLB Unique Player Accomplishments
7
AFC Teams Reveal (Wrong Answers Minefield)
8
Players with Multiple 50 Home Run Seasons
9
5-to-1: FBS Animal Nicknames
10
5-to-1: UK Sports Teams
Explore More
Trending Topics
Marvel
Disney
Crossword
Anime
Kpop
Harry Potter
NBA
The Office
Pokémon
Soccer
Country
Puzzle
WWE
Song
NFL
hide this ad
More By:
SallyJarvis1990
Quiz
Plays
Rating
Category
Featured
Created
Most Premier League Goals in a Calendar Year
101,180
4.70
Sports
Dec 30, 2012
Premier League Clubs' Top English Goalscorer
13,319
4.95
Sports
Oct 5, 2014
2014-2015 European League Teams
10,291
4.44
Sports
Jul 23, 2014
The Premier League Years
8,058
4.38
Sports
Aug 29, 2013
Every Premier League Hat-Trick Scorer
7,736
4.70
Sports
May 14, 2013
Go to Creator's Profile
Score Distribution
Quiz Creator Spotlight
SallyJarvis1990
Follow
Send a Message
Quizzes Created
-
Created Quiz Play Count
-
More By This Creator
Popular Quizzes Today
1
Find the US States - No Outlines Minefield
2
Find the Countries of Europe - No Outlines Minefield
3
The Countries of the World
4
Find the US States
5
Risky Map Clicking: Biggest States A-Z
6
US States
7
Popular People in 1961
8
Movies - When Are They Set?
More Sports Quizzes
Every manager of Cristiano Ronaldo
Quiz Lab
Trending Quizzes
Risky Map Clicking: Least Populous States A-Z
1-10 Letter G Words
Risky Map Clicking: Next State Alphabetically
Adjectives in 80s TV Shows
The Seven Year Switch: Catherine
Recently Updated
Leaping Animals
pecheneg
Reality TV Shows (A-Z)
bhenderson79
Rickey Henderson's Hall of Fame Teammates
pecheneg
Champions League XIs: Arsenal
pecheneg
Quick Pick: Celebrities in WWE's Hall of Fame
aduchscher
A-Z Keypad Blitz II
pecheneg
Multiple Oscar Actors
pecheneg
Mystery Phrase Blitz: Oscar 'Best Actors'
pecheneg
F. Scott Fitzgerald Novels
LTH
Pick 3 Villains
ddd62291
Trending Topics
Crossword
Anime
Disney
Harry Potter
Marvel
Kpop
NBA
NFL
The Office
Puzzle
WWE
Pokémon
Country
Soccer
Song
Your Account Isn't Verified!
In order to create a playlist on Sporcle, you need to verify the email address you used during registration. Go to your
Sporcle Settings
to finish the process.
Report this User
Report this user for behavior that violates our
Community Guidelines
.
Details:
Send Report
Go to the Sporcle.com Mobile Site →
Comments